Les 20 pays les plus dangereux pour les LGBT - Statistiques

Statistiques générales
  • Ce quiz a été pris 964 fois
  • Le résultat moyen est 9 sur 20
Answers on the Grid
Answers color-coded by a green-red scale on the quiz's grid according to % correct below.
Brunei
Lybie
France
Brésil
Nigeria
Jamaïque
Emirats Arabes Unis
Roumanie
Autriche
Koweït
Afghanistan
Tanzanie
Hongrie
Guyane
Ukraine
Oman
Soudan du Sud
islande
Arabie saoudite
Somalie
Birmanie
Gambie
Malawi
Italie
Inde
Qatar
Pérou
Yemen
Malaisie
Tonga
 
Statistiques - réponses
Réponse % Correct
Afghanistan
72%
Emirats Arabes Unis
70%
Lybie
70%
Arabie saoudite
61%
Qatar
61%
Yemen
58%
Nigeria
57%
Koweït
55%
Oman
54%
Soudan du Sud
54%
Somalie
52%
Brunei
50%
Gambie
36%
Malawi
36%
Tanzanie
36%
Malaisie
32%
Birmanie
29%
Jamaïque
24%
Tonga
19%
Guyane
10%
Aucun quiz correspondant
Distribution des résultats
% des personnes avec chaque résultat
Percentile par nombre de réponses
Votre historique - résultats
Vous n’avez pas pris ce quiz